000 00797nam a2200241 4500
001 11783
003 HDC
007 cr bn ---aaaaa
008 210208c dr|noo 0 a eng d
040 _aHDC
245 0 _aSanitary membranes are kosher-, halal-certified
260 _a[No place] :
_b Dairy Foods Magazine,
_c[no year]
336 _atext
_2rdacontent
337 _acomputer
_2rdamedia
338 _aonline resource
_2rdacarrier
650 _adairy manufacturers
_912164
650 _ahalal-certified
_98332
710 _a Dairy Foods Magazine
856 _zRequest full-text at [email protected]
942 _2lcc
942 _cNEWS
942 _kNWSO 002337
999 _c9106
_d9106